Renewable Energy Sources and Emerging Technologies (Record no. 4604)

000 -LEADER
fixed length control field 00612nmm a2200217 a 4500
003 - CONTROL NUMBER IDENTIFIER
control field PK-NaQUE
005 - DATE AND TIME OF LATEST TRANSACTION
control field 20250424123432.0
008 - FIXED-LENGTH DATA ELEMENTS--GENERAL INFORMATION
fixed length control field 250424b ||||| |||| 00| 0 eng d
020 ## - INTERNATIONAL STANDARD BOOK NUMBER
International Standard Book Number 9789389347890
040 ## - CATALOGING SOURCE
Transcribing agency QUEST
100 1# - MAIN ENTRY--PERSONAL NAME
Personal name Kothari, D.P.
245 10 - TITLE STATEMENT
Title Renewable Energy Sources and Emerging Technologies
250 ## - EDITION STATEMENT
Edition statement 2nd ed.
260 ## - PUBLICATION, DISTRIBUTION, ETC. (IMPRINT)
Place of publication, distribution, etc [S.l.] :
Name of publisher, distributor, etc PHI,
Date of publication, distribution, etc 2011.
300 ## - PHYSICAL DESCRIPTION
Extent 1 online resource (190 p.)
650 ## - SUBJECT ADDED ENTRY--TOPICAL TERM
Topical term or geographic name as entry element Renewable Energy Sources.
700 ## - ADDED ENTRY--PERSONAL NAME
Personal name Ranjan, Rakesh
700 ## - ADDED ENTRY--PERSONAL NAME
Personal name Singal, K.C
856 40 - ELECTRONIC LOCATION AND ACCESS
Uniform Resource Identifier http://10.10.170.122:8080/browse/book/27064
Link text Download eBook
942 ## - ADDED ENTRY ELEMENTS (KOHA)
Koha item type Books
Source of classification or shelving scheme
Holdings
Withdrawn status Lost status Damaged status Not for loan Permanent Location Current Location Date acquired Cost, normal purchase price Full call number Barcode Date last seen Koha item type Total Checkouts Checked out Date checked out Price effective from Collection code Shelving location
        Central Library, QUEST, Nawabshah Central Library, QUEST, Nawabshah 2014-05-28 699.00 621.042KOT 46844 2025-10-08 Books 4 2025-11-07 2025-10-08 2014-05-28    
        Central Library, QUEST, Nawabshah Central Library, QUEST, Nawabshah 2014-05-30 175.00 621.042KOT 46213 2024-08-06 Books 4   2023-12-13 2014-05-30    
        Central Library, QUEST, Nawabshah Central Library, QUEST, Nawabshah 2014-06-04 676.00 621.042KOT 48551 2023-08-23 Books 8   2023-03-02 2014-06-04    
        Central Library, QUEST, Nawabshah Central Library, QUEST, Nawabshah 2014-08-25 500.00 621.042KOT 32659 2014-08-25 Books 1 2014-09-15 2014-08-25 2014-08-25    
        Central Library, QUEST, Nawabshah Central Library, QUEST, Nawabshah 2014-08-25 500.00 621.042KOT 32660 2022-06-09 Books 4   2022-02-07      
        Central Library, QUEST, Nawabshah Central Library, QUEST, Nawabshah 2014-08-25 500.00 621.042KOT 32662 2022-11-17 Books 3   2019-11-27 2014-08-25    
        Central Library, QUEST, Nawabshah Central Library, QUEST, Nawabshah 2014-08-25 500.00 621.042KOT 32663 2018-10-17 Books 4   2017-12-19 2014-08-25    
        Central Library, QUEST, Nawabshah Central Library, QUEST, Nawabshah 2014-08-25 500.00 621.042KOT 32664 2024-02-15 Books 4   2023-08-28 2014-08-25    
        Central Library, QUEST, Nawabshah Central Library, QUEST, Nawabshah 2014-08-25 500.00 621.042KOT 32665 2014-08-25 Books       2014-08-25    
        Central Library, QUEST, Nawabshah Central Library, QUEST, Nawabshah 2014-08-25 500.00 621.042KOT 32666 2014-08-25 Books       2014-08-25    
        Reference Section Reference Section 2014-05-30 175.00 333.794 KOT (Shelf - 22A) 46210 2018-05-08 Books 2   2017-11-30   Reference Reference
        Reference Section Reference Section 2014-05-30 175.00 333.794 KOT (Shelf - 22A) 46211 2016-05-09 Books 1   2015-01-30   Reference Reference
        Central Library, QUEST, Nawabshah Seminar Library, Energy & Environ. Engg. 2014-05-28 699.00 621.042KOT 46843 2014-05-28 Books            
        Central Library, QUEST, Nawabshah Seminar Library, Energy & Environ. Engg. 2014-06-04 676.00 621.042KOT 48550 2014-06-04 Books            
        Seminar Library, Mechanical Engg. Seminar Library, Mechanical Engg. 2014-05-30 175.00 621.042KOT 46212 2014-05-30 Books            
        Seminar Library, Mechanical Engg. Seminar Library, Mechanical Engg. 2014-08-25 500.00 621.042KOT 32661 2022-06-14 Books 6   2022-02-07      

Copyright © 2018,The QUEST, Nawabshah, Shaheed Benazirabad. All rights reserved
Mr. G. Farooq Channar (Librarian) QUEST, Nawabshah, Sindh, Pakistan 67480.
 Ph#: |   0244-9370381-4 Ext. 2308   Email| lib@quest.edu.pk   Web|  http://www.quest.edu.pk